000 00572nam a2200229Ia 4500
003 OSt
005 20221005124113.0
006 a|||||r|||| 00| 0
007 ta
008 221004b |||||||| |||| 00| 0 mal d
024 _a59081
037 _cTextual
040 _aCRL
_cCRL
_bmal
041 _2mal
_amal
082 _aV2:1wM78, 32K1
100 _aK.M. Seethi Sahib
_9634711
245 0 _aMaulana Muhammed Ali
260 _c1961
650 _aHISTORY
942 _hV2:1wM78, 32K1
_cTEXL
_2cc
999 _c1049474
_d1049474